000 005560000a22001810004500
001 768714001
003 CO-MdFUSB
005 20170613082456.0
008 170613s2005 cr ||||| |||| 00| 0 sp d
022 _a1409-1968
040 _aCO-MdFUSB
_bspa
_cCO-MdFUSB
_dCO-MdFUSB
041 _aspa
245 1 0 _aMinisterio y vida espiritual
300 _aVolumen 22. Número 2 (2005), Páginas 54-55
_c 27 cm.
546 _aTexto en español
773 0 _tApuntes Pastorales
_049442
_960139
_gVolumen 22. Número 2 (2005), Páginas 54-55
_qPágina 54
942 _cANA
999 _c60933
_d60933